[Event "Salekhard-ch"]
[Site "Salekhard"]
[Date "2015.02.01"]
[Round "7"]
[White "Trapeznikov, Mikhail"]
[Black "Bykov, Konstantin"]
[Result "1/2-1/2"]
[WhiteElo "1599"]
[BlackElo "1510"]
[PlyCount "55"]
[EventDate "2015.01.23"]
[EventType "swiss"]
[EventRounds "9"]
[EventCountry "RUS"]
[SourceTitle "CBM 164 Extra"]
[Source "ChessBase"]
[SourceDate "2015.03.02"]
[SourceVersion "1"]
[SourceVersionDate "2015.03.02"]
[SourceQuality "1"]

1. e4 e5 2. Nf3 Nc6 3. d4 f6 4. d5 Nce7 5. Nc3 d6 6. Be2 c6 7. Be3 f5 8. Bc4 Nf6 9. dxc6 Nxc6 10. exf5 Bxf5 11. 0-0 Bg4 12. h3 Bh5 13. Bg5 Qc7 14. Bxf6 gxf6 15. Nd5 Qg7 16. Re1 0-0-0 17. Qd3 Kb8 18. a4 Rg8 19. Nh4 Bf7 20. Ne3 d5 21. Bb5 Be8 22. Bxc6 Bxc6 23. Nef5 Qg5 24. Re3 Bc5 25. Rg3 Qf4 26. Rf3 Qb4 27. Qb3 Qd2 28. Rf1 1/2-1/2

[Event "Salekhard-ch"]
[Site "Salekhard"]
[Date "2015.01.29"]
[Round "2"]
[White "Maraktanov, Andrey"]
[Black "Trapeznikov, Mikhail"]
[Result "1-0"]
[WhiteElo "1760"]
[BlackElo "1599"]
[PlyCount "53"]
[EventDate "2015.01.23"]
[EventType "swiss"]
[EventRounds "9"]
[EventCountry "RUS"]
[SourceTitle "CBM 164 Extra"]
[Source "ChessBase"]
[SourceDate "2015.03.02"]
[SourceVersion "1"]
[SourceVersionDate "2015.03.02"]
[SourceQuality "1"]

1. c4 e5 2. Nc3 Nf6 3. g3 Nc6 4. Bg2 Bc5 5. e3 d6 6. Nge2 Bf5 7. a3 0-0 8. 0-0 Re8 9. b4 Bb6 10. d4 exd4 11. exd4 Rb8 12. c5 Ba5 13. bxa5 Nxa5 14. Bg5 Nc4 15. Nd5 Nb2 16. Qd2 Nc4 17. Qa2 b5 18. Nec3 a6 19. Nb4 Qc8 20. Bxf6 gxf6 21. a4 Kh8 22. Bc6 Rg8 23. axb5 axb5 24. Bxb5 dxc5 25. dxc5 Ne5 26. Nc6 Nxc6 27. Bxc6 1-0